000 00634aas a2200217 4500
999 _c3861
_d3861
003 BR-BrBNA
005 20230317233924.0
007 ta
008 230119b bl ||||| |||| 00| 0 por d
035 _a000485-5
040 _aBR-BrBNA
_bPor
_cBR-BrBNA
042 _a074870-6
044 _abl
245 _aSumma Brasiliensis. Biologiae (Brazil)
260 _aRio de Janeiro-RJ
_bFundação Getúlio Vargas - Departamento de Pesquisa e Documentação
_c1945. Data final de publicação em 1948
_eBRJ
270 _aPraia do Botafogo, 190
310 _airregular
505 _a1945-48 (1-17);
909 _a56
_bSergio Santos
_c56
_dSergio Santos
942 _cCR
_2AGRIS